DIFFICULT asthma.
Enregistré dans:
| Format: | Livre |
|---|---|
| Langue: | anglais |
| Publié: |
Jaypee Brothers Medical Publishers.
2013.
|
| Tags: |
Ajouter un tag
Pas de tags, Soyez le premier à ajouter un tag!
|
MARC
| LEADER | 00000nam a22000007a 4500 | ||
|---|---|---|---|
| 008 | 210915b ||||| |||| 00| 0 eng d | ||
| 020 | |a 9789350902998 | ||
| 245 | |a DIFFICULT asthma. |c Liam G.Heaney {and} Andrew Menzies-Gow |g viii, 188p:ill. | ||
| 260 | |b Jaypee Brothers Medical Publishers. |c 2013. |d Book. |h New Delhi. |i 697110 |i 697111. |l RC 591.D55 |m Asthma- Diagnoses |m Asthma - Treatment. | ||
| 500 | |a "It includes index". | ||
| 942 | |a lcc |c BK |e Olagoke,M.A. |f 15/09/2021 | ||
| 952 | |0 0 |1 0 |2 lcc |4 0 |7 0 |9 3575 |a HOL |b ML |c QZ |d 2021-09-15 |o RC 591.D55 |p 2021-67316 |r 2021-09-15 00:00:00 |t 697111 |w 2021-09-15 |y BK | ||
| 952 | |0 0 |1 0 |2 lcc |4 0 |7 0 |9 3576 |a HOL |b HOL |c QZ |d 2021-09-15 |o RC 591.D55 |p 2021-67317 |r 2021-09-15 00:00:00 |t 697110 |w 2021-09-15 |y BK | ||
| 999 | |c 1771 |d 1771 | ||